000 00756nam a2200241Ia 4500
003 OSt
005 20220923221636.0
006 a|||||r|||| 00| 0
007 ta
008 220922b |||||||| |||| 00| 0 hin d
024 _a198,909
037 _cTextual
040 _aARTS
_cARTS
_bhin
041 _2hin
_ahin
082 _aP152:(X62), 152N2
100 _aरामप्रकाश, संपा.
_9156263
245 0 _aप्रयोगात्मक हिन्दी
246 _aPrayogātmak hindī
260 _aदिल्ली
_b राधाक्रष्ण
_c1992
300 _a96पृ.
_ccm.
942 _hP152:(X62), 152N2
_cTEXL
_2CC
999 _c350715
_d350715